Marques de parfums - Mort Subite - Statistiques

Statistiques générales
  • Ce quiz a été pris 360 fois
  • Le résultat moyen est 21 sur 30
Answers on the Grid
Answers color-coded by a green-red scale on the quiz's grid according to % correct below.
Armani
Hermes
Dior
Nina Ricci
Lancôme
Gucci
Guerlain
Yves Saint Laurent
Rabanne
Azzaro
Billie Eilish
Chanel
Cacharel
Cartier
Diesel
Givenchy
Hugo Boss
L'Oreal
Dolce&Gabbana
Davidoff
Lacoste
Prada
Ralph Lauren
Sans Soucis
Versace
4711
Zadig & Voltaire
Jean Paul Gaultier
Miu Miu
Scorpio
3052
Grant's
Fresh
Ariel
Australia
Fa
William Peel
Jack Daniel
Julia Pedemonte
Finish
Wilkinson
Braun
Listerine
Le Chat
Apta
Parfait
Calgon
Bonux
 
Statistiques - réponses
Réponse % Correct
Hugo Boss
90%
Dior
89%
Lacoste
87%
Yves Saint Laurent
87%
Chanel
86%
Jean Paul Gaultier
86%
Hermes
85%
Prada
85%
Givenchy
84%
Gucci
84%
Lancôme
83%
Diesel
82%
Rabanne
82%
Armani
81%
Guerlain
81%
Nina Ricci
81%
Dolce&Gabbana
80%
Versace
79%
Azzaro
76%
Ralph Lauren
76%
Zadig & Voltaire
75%
Scorpio
73%
Cartier
71%
L'Oreal
56%
Cacharel
53%
Miu Miu
49%
Billie Eilish
23%
Davidoff
23%
4711
11%
Sans Soucis
6%
Aucun quiz correspondant
Distribution des résultats
% des personnes avec chaque résultat
Percentile par nombre de réponses
Votre historique - résultats
Vous n’avez pas pris ce quiz